Normal view
MARC view
- إعداد سلطان محمد سليمان الزعبي ؛ إشراف طلال العيسى
Entry Personal Name
001 - CONTROL NUMBER
- control field: 45937
003 - CONTROL NUMBER IDENTIFIER
- control field: JO-AjAnu
005 - DATE AND TIME OF LATEST TRANSACTION
- control field: 20230606081609.0
008 - FIXED-LENGTH DATA ELEMENTS
- fixed length control field: 230606|| aca||aabn | a|a d
040 ## - CATALOGING SOURCE
- Original cataloging agency: JO-AjAnu
- Transcribing agency: JO-AjAnu
100 ## - HEADING--PERSONAL NAME
- Personal name: إعداد سلطان محمد سليمان الزعبي ؛ إشراف طلال العيسى
670 ## - SOURCE DATA FOUND
- Source citation: Work cat.: (JO-AjAnu)23516: إعداد سلطان محمد سليمان الزعبي ؛ إشراف طلال العيسى, author, تنفيذ أحكام المحكمين في القانون الأردني والاتفاقيات الدولية " دراسة مقارنة"